000 00792nam a2200217Ia 4500
003 GCL
008 140319s9999 xx 000 0 ara d
020 _a9024377977
040 _aGCL /
_cGCL
082 0 4 _a370.113
_bم ت
100 1 _aمبروكة عمر محيريق
245 1 0 _aالتاهيل والتدريب المهنى للعاملين بمرافق المعلومات فى العصر الالكترونى /
_cمبروكة عمر محيريق
250 _aالاولى
260 _aالقاهرة :
_bمجموعة النيل العربية ،
_c2005
300 _a320 ص ؛
_c24 سم
650 0 4 _aالتأهيل المهنى
650 0 4 _aالتعليم المهنى
650 0 4 _aالتوجية المهنى
650 0 4 _aالموظفون - تدريب
942 _2ddc
_cBK
999 _c8316
_d8316